[Event "Wch Juvenil 2013 sub-18"]
[Site "Al-Ain UAE"]
[Date "2013.12.24"]
[Round "8.59"]
[White "Harutyunyan, Axel"]
[Black "Thing, Bibek"]
[Result "1/2-1/2"]
[WhiteElo "1811"]
[BlackElo "1902"]
[PlyCount "111"]
[EventDate "2013.12.19"]
[EventType "swiss"]
[EventRounds "11"]
[EventCountry "UAE"]
[Source "lmi"]
[SourceDate "2013.12.19"]

1. e4 c5 2. Nc3 a6 3. g4 Nc6 4. Bg2 g6 5. d3 Bg7 6. Nge2 d6 7. Ng3 Nf6 8. g5
Nd7 9. f4 Nd4 10. Nce2 Qc7 11. c3 Nxe2 12. Qxe2 Nb6 13. Be3 Bd7 14. O-O-O Na4
15. d4 cxd4 16. Bxd4 Bxd4 17. Rxd4 Nxc3 18. Qc4 Nb5 19. Qxc7 Nxc7 20. f5 Bc6
21. Rg1 O-O-O 22. h4 d5 23. e5 e6 24. fxe6 Nxe6 25. Bh3 Kc7 26. Bxe6 fxe6 27.
Rf1 Rhf8 28. Rdf4 Rxf4 29. Rxf4 Rd7 30. Ne2 Re7 31. Kd2 Kd7 32. Ke3 Rg7 33. Rf6
Ke7 34. Nf4 Bd7 35. Kd4 Rg8 36. Nd3 b6 37. b3 Be8 38. Nf4 Bf7 39. Nd3 Rc8 40.
Rf2 Be8 41. Rf1 Rc2 42. Rf2 Rc7 43. Rf1 Bb5 44. Rc1 Rxc1 45. Nxc1 Bf1 46. a3
Kd7 47. Na2 Kc6 48. Nc3 Bh3 49. Na2 Bf5 50. Nb4+ Kb5 51. Na2 Bc2 52. Nc3+ Kc6
53. b4 Bf5 54. Ne2 a5 55. Kc3 axb4+ 56. axb4 1/2-1/2

[Event "Wch Juvenil 2013 sub-18"]
[Site "Al-Ain UAE"]
[Date "2013.12.23"]
[Round "9.1"]
[White "Vaibhav, Suri"]
[Black "Idani, Pouya"]
[Result "1/2-1/2"]
[WhiteElo "2544"]
[BlackElo "2483"]
[PlyCount "46"]
[EventDate "2013.12.19"]
[EventType "swiss"]
[EventRounds "11"]
[EventCountry "UAE"]
[Source "lmi"]
[SourceDate "2013.12.19"]

1. d4 Nf6 2. c4 e6 3. Nf3 b6 4. g3 Bb4+ 5. Bd2 Bxd2+ 6. Qxd2 Ba6 7. b3 c6 8.
Bg2 d5 9. O-O Nbd7 10. Rc1 O-O 11. a4 Ne4 12. Qb2 c5 13. Na3 Qe7 14. Rc2 Bb7
15. Rd1 Rac8 16. cxd5 Bxd5 17. Ne5 Ba8 18. Rcc1 Rfd8 19. Qc2 f5 20. Nd3 Bb7 21.
dxc5 Ndxc5 22. Nc4 Nxd3 23. exd3 Nf6 1/2-1/2

[Event "Wch Juvenil 2013 sub-18"]
[Site "Al-Ain UAE"]
[Date "2013.12.23"]
[Round "9.2"]
[White "Gabuzyan, Hovhannes"]
[Black "Chigaev, Maksim"]
[Result "1-0"]
[WhiteElo "2532"]
[BlackElo "2508"]
[PlyCount "91"]
[EventDate "2013.12.19"]
[EventType "swiss"]
[EventRounds "11"]
[EventCountry "UAE"]
[Source "lmi"]
[SourceDate "2013.12.19"]

1. d4 Nf6 2. c4 g6 3. Nc3 d5 4. Nf3 Bg7 5. cxd5 Nxd5 6. g3 Nb6 7. Bg2 Nc6 8. e3
O-O 9. O-O Re8 10. Nh4 e5 11. d5 Na5 12. Rb1 Nac4 13. b3 Nd6 14. e4 Bd7 15. a4
a5 16. Re1 f5 17. exf5 gxf5 18. Ba3 Qg5 19. Rc1 Rac8 20. Bh3 e4 21. Bc5 Bf6 22.
Kh1 f4 23. Bxd7 Nxd7 24. Bxd6 cxd6 25. Rxe4 Rxe4 26. Nxe4 Rxc1 27. Qxc1 Qxd5
28. Qc8+ Nf8 29. Qg4+ Bg7 30. Qxf4 Qxb3 31. Nxd6 Qd5+ 32. Kg1 Ne6 33. Qf7+ Kh8
34. Qe8+ Bf8 35. Nhf5 Qd1+ 36. Kg2 Qd5+ 37. Kh3 h6 38. f4 Qb3 39. Nf7+ Kh7 40.
Ne5 Nxf4+ 41. Kg4 Qd1+ 42. Kxf4 Qf1+ 43. Nf3 Qc1+ 44. Kg4 Qc4+ 45. N3d4 Qg8+
46. Kh3 1-0

[Event "Wch Juvenil 2013 sub-18"]
[Site "Al-Ain UAE"]
[Date "2013.12.23"]
[Round "9.3"]
[White "Abasov, Nijat"]
[Black "Ma, Zhonghan"]
[Result "1/2-1/2"]
[WhiteElo "2510"]
[BlackElo "2412"]
[PlyCount "82"]
[EventDate "2013.12.19"]
[EventType "swiss"]
[EventRounds "11"]
[EventCountry "UAE"]
[Source "lmi"]
[SourceDate "2013.12.19"]

1. e4 e5 2. Nf3 Nc6 3. Bb5 Nf6 4. d3 Bc5 5. c3 O-O 6. O-O d6 7. h3 Bb6 8. Re1
Ne7 9. d4 Ng6 10. Bd3 Re8 11. Qc2 Nh5 12. Bg5 Qd7 13. Be3 Nhf4 14. Bf1 Qe7 15.
Nbd2 Be6 16. Kh2 c6 17. g3 Nh5 18. a4 Bc7 19. dxe5 dxe5 20. Ng5 Bd7 21. Ngf3 h6
22. a5 Nf6 23. b4 Be6 24. Red1 Red8 25. Nc4 Rxd1 26. Rxd1 Nd7 27. Rd2 b6 28.
Kg1 Rb8 29. axb6 axb6 30. Qa4 b5 31. Qa7 Qd8 32. Nd6 Bxd6 33. Rxd6 Qc8 34. Rxe6
fxe6 35. Qa2 Ngf8 36. c4 Qb7 37. c5 Ra8 38. Qb2 Qc7 39. Bd2 Ng6 40. Bc3 Rf8 41.
Be2 Qd8 1/2-1/2

[Event "Wch Juvenil 2013 sub-18"]
[Site "Al-Ain UAE"]
[Date "2013.12.23"]
[Round "9.4"]
[White "Naroditsky, Daniel"]
[Black "Eliseev, Urii"]
[Result "1-0"]
[WhiteElo "2531"]
[BlackElo "2552"]
[PlyCount "79"]
[EventDate "2013.12.19"]
[EventType "swiss"]
[EventRounds "11"]
[EventCountry "UAE"]
[Source "lmi"]
[SourceDate "2013.12.19"]

1. e4 c5 2. Nf3 Nc6 3. Bb5 d6 4. O-O Bd7 5. Re1 Nf6 6. c3 a6 7. Bf1 Bg4 8. h3
Bxf3 9. Qxf3 g6 10. d3 Bg7 11. Be3 O-O 12. Nd2 Nd7 13. Qd1 b5 14. Nf3 Nde5 15.
Nxe5 Nxe5 16. a4 Qb6 17. Be2 Nc6 18. Qd2 b4 19. Red1 bxc3 20. bxc3 Qa5 21. d4
Rab8 22. Rac1 cxd4 23. cxd4 Qxa4 24. Ra1 Qb3 25. Rxa6 Nb4 26. Ra7 Ra8 27. Rxa8
Rxa8 28. Rc1 h5 29. Bc4 Qa3 30. Rb1 Nc6 31. Bd5 Rc8 32. Bh6 Nd8 33. Be3 Nc6 34.
Qc2 Na7 35. Qd1 Nc6 36. Rc1 Qa6 37. Qc2 Na7 38. Bc4 Qa3 39. Qd1 Nc6 40. Bb5 1-0

[Event "Wch Juvenil 2013 sub-18"]
[Site "Al-Ain UAE"]
[Date "2013.12.23"]
[Round "9.5"]
[White "Cori, Jorge"]
[Black "Loiseau, Quentin"]
[Result "1-0"]
[WhiteElo "2609"]
[BlackElo "2388"]
[PlyCount "101"]
[EventDate "2013.12.19"]
[EventType "swiss"]
[EventRounds "11"]
[EventCountry "UAE"]
[Source "lmi"]
[SourceDate "2013.12.19"]

1. d4 d5 2. c4 c6 3. Nf3 Nf6 4. e3 Nbd7 5. cxd5 cxd5 6. Bd3 e6 7. O-O Bd6 8.
Bd2 O-O 9. Bc3 b6 10. Nbd2 Bb7 11. Qb1 Qc7 12. a4 a5 13. Rc1 Rfc8 14. g3 h6 15.
Bb5 Ne4 16. Bxa5 Qd8 17. Bc3 Ndf6 18. Nxe4 Nxe4 19. Be1 Qf6 20. Nd2 Ng5 21. h4
Ne4 22. Nxe4 dxe4 23. Rxc8+ Rxc8 24. Qd1 e5 25. Bc3 Rd8 26. Qh5 exd4 27. Bxd4
Qe6 28. Rc1 Bb8 29. Bc4 Bd5 30. Be2 f5 31. Bf1 Bb3 32. Rc3 f4 33. gxf4 g6 34.
Qb5 Qg4+ 35. Bg2 Bf7 36. Qxb6 Qd1+ 37. Kh2 Bxf4+ 38. exf4 Rxd4 39. Qb8+ Rd8 40.
Rc8 Rxc8 41. Qxc8+ Kg7 42. Qc3+ Kg8 43. Qc8+ Kg7 44. a5 Qd6 45. a6 Qxf4+ 46.
Kg1 Kh7 47. Qc5 Qb8 48. Qe7 Kg7 49. a7 Qc8 50. Qxe4 Qc1+ 51. Bf1 1-0

[Event "Wch Juvenil 2013 sub-18"]
[Site "Al-Ain UAE"]
[Date "2013.12.23"]
[Round "9.6"]
[White "Anton Guijarro, David"]
[Black "Makhmutov, Rail"]
[Result "1/2-1/2"]
[WhiteElo "2558"]
[BlackElo "2396"]
[PlyCount "127"]
[EventDate "2013.12.19"]
[EventType "swiss"]
[EventRounds "11"]
[EventCountry "UAE"]
[Source "lmi"]
[SourceDate "2013.12.19"]

1. d4 d5 2. c4 dxc4 3. e4 Nf6 4. e5 Nd5 5. Bxc4 Nb6 6. Bd3 Nc6 7. Ne2 Bg4 8. f3
Be6 9. Nbc3 Bc4 10. Be4 e6 11. O-O Qd7 12. Be3 O-O-O 13. Kh1 Be7 14. Rc1 Kb8
15. Bg1 Nb4 16. b3 Ba6 17. a3 N4d5 18. Nxd5 Nxd5 19. b4 h5 20. f4 g6 21. Rf3 b6
22. Nc3 Bb7 23. Qc2 Rc8 24. Ne2 Rhe8 25. h3 a6 26. Bf2 Rh8 27. Kg1 Rcg8 28. Nc3
Rc8 29. Nxd5 Bxd5 30. Bxd5 Qxd5 31. Rc3 Qd7 32. Rc6 Rhd8 33. Qc4 Bc5 34. Rxc5
bxc5 35. Qxa6 c6 36. bxc5 Qa7 37. Qd3 Rc7 38. Kh2 Rb7 39. Be1 Kc8 40. Bb4 Qa4
41. Rb1 Rbd7 42. Bc3 Rb7 43. Bb4 Kd7 44. Rb2 Qb5 45. Qxb5 Rxb5 46. Kg3 Ke7 47.
Rd2 f6 48. exf6+ Kxf6 49. Kf3 Kf5 50. g3 Rb7 51. Ke3 Rbd7 52. Bc3 Ra8 53. Bb4
Rad8 54. Rd1 g5 55. fxg5 Kxg5 56. Rd2 Rf7 57. Re2 Rfd7 58. Kf3 Rxd4 59. Rxe6
Rd3+ 60. Kg2 Rb3 61. Re5+ Kg6 62. Re6+ Kg5 63. Re5+ Kg6 64. Re6+ 1/2-1/2

[Event "Wch Juvenil 2013 sub-18"]
[Site "Al-Ain UAE"]
[Date "2013.12.23"]
[Round "9.7"]
[White "Radovanovic, Nikola"]
[Black "Bajarani, Ulvi"]
[Result "0-1"]
[WhiteElo "2272"]
[BlackElo "2500"]
[PlyCount "70"]
[EventDate "2013.12.19"]
[EventType "swiss"]
[EventRounds "11"]
[EventCountry "UAE"]
[Source "lmi"]
[SourceDate "2013.12.19"]

1. d4 d5 2. c4 c6 3. Nf3 Nf6 4. Qb3 dxc4 5. Qxc4 Bf5 6. g3 e6 7. Bg2 Be7 8. O-O
O-O 9. e3 Nbd7 10. Qe2 Qa5 11. Nfd2 e5 12. Nb3 Qc7 13. Nc3 Rfe8 14. e4 Bg4 15.
Qc2 exd4 16. Nxd4 Bc5 17. Be3 Qd6 18. h3 Bxd4 19. Bxd4 Qxd4 20. hxg4 Qc5 21.
Qe2 Rad8 22. Kh1 Qg5 23. Bh3 Nc5 24. f3 Qh6 25. Qh2 Rd2 26. Bg2 Qg5 27. b4 Nd3
28. Qh4 Qe5 29. Na4 g5 30. f4 gxh4 31. fxe5 Nxg4 32. gxh4 Rxe5 33. Nc5 Nxc5 34.
bxc5 Rxc5 35. Bf3 Rh5 0-1

[Event "Wch Juvenil 2013 sub-18"]
[Site "Al-Ain UAE"]
[Date "2013.12.23"]
[Round "9.8"]
[White "Martinez Romero, Martin"]
[Black "Santos Latasa, Jaime"]
[Result "1/2-1/2"]
[WhiteElo "2381"]
[BlackElo "2467"]
[PlyCount "166"]
[EventDate "2013.12.19"]
[EventType "swiss"]
[EventRounds "11"]
[EventCountry "UAE"]
[Source "lmi"]
[SourceDate "2013.12.19"]

1. d4 e6 2. Nf3 Nf6 3. c4 d5 4. Nc3 dxc4 5. e3 a6 6. a4 c5 7. Bxc4 Nc6 8. O-O
Be7 9. dxc5 Qc7 10. Qe2 Bxc5 11. e4 O-O 12. h3 Nd4 13. Nxd4 Bxd4 14. Rd1 Qc5
15. Ba2 b6 16. Bf4 Bb7 17. Rac1 Qb4 18. Bb1 Rac8 19. Bg5 h6 20. Bh4 Be5 21. Rf1
Nd7 22. f4 Bxc3 23. bxc3 Qc4 24. Qf3 Nc5 25. Rfe1 Rfe8 26. Rcd1 Nxa4 27. Rd4
Qc5 28. Bf2 Nxc3 29. Qg4 Qc7 30. Bd3 Nxe4 31. Bxe4 Bxe4 32. Qd1 Bc6 33. Qg4 f5
34. Qg6 Be4 35. Red1 Bd5 36. R4d3 Qf7 37. Qg3 Rc2 38. R1d2 Rc1+ 39. Kh2 Kh7 40.
Bd4 Rec8 41. Qf2 b5 42. Rg3 Rg8 43. Qe3 g5 44. Rf2 Rc4 45. Qe5 Rcc8 46. Ra3 Qb7
47. g4 gxf4 48. gxf5 Rc1 49. Ra1 Rxa1 50. Bxa1 Qb8 51. Qxb8 Rxb8 52. fxe6 f3
53. e7 Rg8 54. Rd2 Bc6 55. Bc3 Rg6 56. h4 Kg8 57. Rd8+ Kf7 58. Bb4 Rg4 59. Rf8+
Kg6 60. Bc3 Rg2+ 61. Kh1 Kh5 62. e8=Q+ Bxe8 63. Rxe8 Rc2 64. Bb4 Kxh4 65. Kg1
Ra2 66. Be1+ Kg4 67. Rg8+ Kf5 68. Rh8 a5 69. Rxh6 b4 70. Rb6 Kf4 71. Rb8 Ke3
72. Kf1 Ra1 73. Re8+ Kd3 74. Kf2 b3 75. Re3+ Kc2 76. Rc3+ Kb2 77. Rxf3 Rxe1 78.
Kxe1 Ka2 79. Kd2 a4 80. Kc3 a3 81. Kb4 b2 82. Rxa3+ Kb1 83. Rb3 Kc2 1/2-1/2

[Event "Wch Juvenil 2013 sub-18"]
[Site "Al-Ain UAE"]
[Date "2013.12.23"]
[Round "9.9"]
[White "Drozdowski, Kacper"]
[Black "Mejak, Severin"]
[Result "1-0"]
[WhiteElo "2463"]
[BlackElo "2104"]
[PlyCount "65"]
[EventDate "2013.12.19"]
[EventType "swiss"]
[EventRounds "11"]
[EventCountry "UAE"]
[Source "lmi"]
[SourceDate "2013.12.19"]

1. Nf3 Nf6 2. c4 c5 3. Nc3 g6 4. d4 cxd4 5. Nxd4 Bg7 6. e4 O-O 7. Be2 d6 8. O-O
a6 9. Be3 Nbd7 10. Qd2 Re8 11. Rfd1 b6 12. f3 Bb7 13. a4 Rc8 14. a5 bxa5 15.
Nb3 Bf8 16. Nxa5 Ba8 17. b4 e6 18. Bf2 Nb8 19. Qb2 Qe7 20. Na4 Nfd7 21. Qd2 d5
22. c5 dxe4 23. fxe4 Bxe4 24. Nc4 Qf6 25. Rf1 e5 26. Nc3 Bc6 27. Be3 Qg7 28.
Na5 Ba8 29. Bc4 Nf6 30. Bg5 Be7 31. Bh6 Qh8 32. Bxf7+ Kxf7 33. Qa2+ 1-0

[Event "Wch Juvenil 2013 sub-18"]
[Site "Al-Ain UAE"]
[Date "2013.12.23"]
[Round "9.10"]
[White "Draskovic, Luka"]
[Black "Grover, Sahaj"]
[Result "0-1"]
[WhiteElo "2282"]
[BlackElo "2485"]
[PlyCount "92"]
[EventDate "2013.12.19"]
[EventType "swiss"]
[EventRounds "11"]
[EventCountry "UAE"]
[Source "lmi"]
[SourceDate "2013.12.19"]

1. e4 e5 2. Nf3 Nc6 3. d4 exd4 4. Nxd4 Bb4+ 5. c3 Bc5 6. Be3 Bb6 7. Nf5 g6 8.
Bxb6 axb6 9. Ne3 Nf6 10. Bd3 d5 11. exd5 Nxd5 12. Bc4 Nxe3 13. Qxd8+ Kxd8 14.
fxe3 Ne5 15. Be2 Be6 16. a3 Ke7 17. Nd2 Rad8 18. O-O-O Bg4 19. Nf3 Nd7 20. Rd4
Bf5 21. b4 c5 22. Rdd1 Rc8 23. Kb2 Rc7 24. Rd2 Nf6 25. Bd3 Be6 26. Bb1 Rhc8 27.
Rhd1 Ne8 28. e4 Nf6 29. Rd6 Nd7 30. h3 b5 31. e5 cxb4 32. cxb4 Rc3 33. R1d3
Rxd3 34. Rxd3 Nb6 35. Bc2 Nc4+ 36. Kc1 Ra8 37. Nd4 Nxa3 38. Rc3 Nc4 39. Nxb5
Rd8 40. Bb3 Nxe5 41. Bc2 h5 42. Nc7 Bc4 43. b5 Kd6 44. b6 Kc5 45. Ra3 Kxb6 46.
Na8+ Kc5 0-1

[Event "Wch Juvenil 2013 sub-18"]
[Site "Al-Ain UAE"]
[Date "2013.12.23"]
[Round "9.11"]
[White "Sanzhaev, Darsen"]
[Black "Dragun, Kamil"]
[Result "1-0"]
[WhiteElo "2366"]
[BlackElo "2530"]
[PlyCount "111"]
[EventDate "2013.12.19"]
[EventType "swiss"]
[EventRounds "11"]
[EventCountry "UAE"]
[Source "lmi"]
[SourceDate "2013.12.19"]

1. d4 Nf6 2. c4 e6 3. Nf3 d5 4. g3 dxc4 5. Bg2 Nc6 6. O-O Rb8 7. Nc3 b5 8. e4
b4 9. Na4 Be7 10. Qe2 Ba6 11. Rd1 Bb5 12. Nc5 O-O 13. a4 bxa3 14. bxa3 Na5 15.
a4 Bc6 16. Ne5 Ba8 17. Be3 Qc8 18. Qc2 Nb3 19. Rab1 Nxc5 20. dxc5 Qa6 21. f3
Bc6 22. Nxc6 Qxc6 23. Qxc4 Nd7 24. Rbc1 a5 25. f4 Rb4 26. Qd3 Nb8 27. e5 Qxa4
28. Ra1 Qb5 29. Qxb5 Rxb5 30. Bf1 Rb3 31. Bf2 g5 32. Rxa5 gxf4 33. gxf4 Rb4 34.
Ra7 Rc8 35. Ra8 Kh8 36. Be3 Rg8+ 37. Kf2 Rb2+ 38. Kf3 h5 39. Be2 Rc2 40. Ra7
Rc8 41. Ra8 Rg8 42. Rg1 Rf8 43. Rb1 Nc6 44. Ra6 Nxe5+ 45. fxe5 Rc3 46. Rd1 Bxc5
47. Rd3 Rxd3 48. Bxd3 Bxe3 49. Kxe3 Rg8 50. Be4 Rg5 51. Ra5 Rg4 52. Rc5 Rh4 53.
Rxc7 Kg7 54. Rc2 f5 55. Bf3 Kg6 56. Rg2+ 1-0

[Event "Wch Juvenil 2013 sub-18"]
[Site "Al-Ain UAE"]
[Date "2013.12.23"]
[Round "9.12"]
[White "Andersen, Mads"]
[Black "Kriebel, Tadeas"]
[Result "1-0"]
[WhiteElo "2501"]
[BlackElo "2363"]
[PlyCount "77"]
[EventDate "2013.12.19"]
[EventType "swiss"]
[EventRounds "11"]
[EventCountry "UAE"]
[Source "lmi"]
[SourceDate "2013.12.19"]

1. Nf3 Nf6 2. c4 g6 3. d4 Bg7 4. Nc3 d5 5. h4 c6 6. cxd5 cxd5 7. Bf4 O-O 8. e3
Nc6 9. Ne5 Nxe5 10. Bxe5 Ne4 11. Bxg7 Kxg7 12. Bd3 Nxc3 13. bxc3 Qa5 14. Qd2
Bd7 15. Rb1 b5 16. h5 Rac8 17. Rb3 Qb6 18. hxg6 hxg6 19. e4 Rh8 20. Rxh8 Rxh8
21. exd5 Rh1+ 22. Ke2 Bg4+ 23. f3 Rh2 24. Qg5 Rxg2+ 25. Ke3 Qc7 26. Qe5+ Qxe5+
27. dxe5 Bf5 28. Bxf5 gxf5 29. Rxb5 Rxa2 30. d6 exd6 31. exd6 f4+ 32. Kd3 Ra1
33. Rd5 Kf8 34. d7 Rd1+ 35. Kc4 Rxd5 36. Kxd5 Ke7 37. Kc6 Kd8 38. Kd6 a5 39. c4
1-0

[Event "Wch Juvenil 2013 sub-18"]
[Site "Al-Ain UAE"]
[Date "2013.12.23"]
[Round "9.13"]
[White "Bortnyk, Olexandr"]
[Black "Emiroglu, Cankut"]
[Result "1-0"]
[WhiteElo "2474"]
[BlackElo "2309"]
[PlyCount "151"]
[EventDate "2013.12.19"]
[EventType "swiss"]
[EventRounds "11"]
[EventCountry "UAE"]
[Source "lmi"]
[SourceDate "2013.12.19"]

1. e4 c6 2. Nc3 d5 3. Nf3 Bg4 4. h3 Bxf3 5. Qxf3 e6 6. Be2 Nd7 7. d3 Ngf6 8.
Qg3 Bb4 9. O-O O-O 10. e5 Ne8 11. f4 f5 12. Be3 Bc5 13. d4 Be7 14. Qf2 a6 15.
Na4 b5 16. Nc5 Nxc5 17. dxc5 a5 18. g4 Nc7 19. g5 Na6 20. c3 Qc7 21. Rfb1 Qa7
22. b4 a4 23. Bd4 Nc7 24. a3 Qb7 25. Kf1 Qc8 26. Bh5 Qb7 27. Ke2 Qc8 28. Rh1
Qd7 29. Rag1 Bd8 30. Kd2 Rb8 31. Kc2 Ra8 32. Qe2 Rb8 33. h4 Ra8 34. Rh3 Rb8 35.
Rgh1 Ne8 36. R1h2 Bc7 37. Qd1 Ra8 38. Qe2 Rb8 39. Rh1 Ra8 40. Kb2 Rb8 41. Rd1
Bd8 42. Be3 Qa7 43. Kc2 Qb7 44. Kd2 Ra8 45. Ke1 Rb8 46. Kf2 Ra8 47. Rdh1 Rb8
48. Kg1 Ra8 49. Bd4 Rb8 50. Bg6 hxg6 51. h5 Kf7 52. hxg6+ Ke7 53. Rh8 Rxh8 54.
Rxh8 Kd7 55. Rf8 Be7 56. Rf7 Rc8 57. Qh5 Qc7 58. Qh7 Rb8 59. Kg2 Rc8 60. Kf3
Rb8 61. Qg8 Ra8 62. Rxf5 exf5 63. e6+ Kd8 64. Bxg7 Bxg5 65. Be5 Qe7 66. fxg5
Qxg5 67. Qf7 Qg4+ 68. Kf2 Qh4+ 69. Bg3 Qe7 70. Qh7 Qxe6 71. Qb7 Rc8 72. Bh4+
Nf6 73. g7 Rc7 74. Qb8+ Rc8 75. g8=Q+ Qxg8 76. Bxf6+ 1-0

[Event "Wch Juvenil 2013 sub-18"]
[Site "Al-Ain UAE"]
[Date "2013.12.23"]
[Round "9.14"]
[White "Ynojosa, Felix Jose"]
[Black "Lewtak, Damian"]
[Result "1-0"]
[WhiteElo "2448"]
[BlackElo "2306"]
[PlyCount "43"]
[EventDate "2013.12.19"]
[EventType "swiss"]
[EventRounds "11"]
[EventCountry "UAE"]
[Source "lmi"]
[SourceDate "2013.12.19"]

1. e4 e6 2. d4 d5 3. exd5 exd5 4. Nf3 Bd6 5. c4 dxc4 6. Bxc4 Nf6 7. O-O O-O 8.
h3 Nc6 9. Nc3 h6 10. Re1 Re8 11. Be3 Na5 12. Bd3 Be6 13. Ne5 c5 14. Qf3 cxd4
15. Bxd4 Qe7 16. Nc4 Bc7 17. Nxa5 Bxa5 18. Ne4 Nh7 19. Qg3 Ng5 20. Qe5 f5 21.
Nxg5 Bxe1 22. Nxe6 1-0

[Event "Wch Juvenil 2013 sub-18"]
[Site "Al-Ain UAE"]
[Date "2013.12.23"]
[Round "9.15"]
[White "Mons, Leon"]
[Black "Prince, Bajaj"]
[Result "1-0"]
[WhiteElo "2428"]
[BlackElo "2227"]
[PlyCount "101"]
[EventDate "2013.12.19"]
[EventType "swiss"]
[EventRounds "11"]
[EventCountry "UAE"]
[Source "lmi"]
[SourceDate "2013.12.19"]

1. Nf3 Nf6 2. c4 e6 3. Nc3 Bb4 4. g4 d5 5. g5 Ne4 6. Qa4+ Nc6 7. Ne5 Bxc3 8.
dxc3 O-O 9. Nxc6 bxc6 10. f3 Nd6 11. c5 Nf5 12. Bd2 a5 13. O-O-O Ba6 14. e4 Ne7
15. Bxa6 Rxa6 16. h4 Qb8 17. h5 e5 18. Rhe1 Qb7 19. exd5 cxd5 20. Rxe5 Re6 21.
Rde1 c6 22. Qd4 Qd7 23. h6 Rxe5 24. Rxe5 f6 25. hxg7 fxe5 26. gxf8=Q+ Kxf8 27.
Qxe5 Qh3 28. Qb8+ Kf7 29. Qf4+ Ke8 30. Kc2 a4 31. Qg4 Qf1 32. Qxa4 Qxf3 33. Qf4
Qh1 34. a4 Qa1 35. Bc1 Qa2 36. Qb8+ Kd7 37. Qb4 Ke6 38. Qb3 Qa1 39. Qa3 Qxa3
40. bxa3 Nc8 41. a5 Na7 42. a4 Kf5 43. Kd3 Nc8 44. Kd4 Na7 45. a6 Nc8 46. Bd2
Na7 47. Be1 Kf4 48. Bf2 Nc8 49. Bg1 Kxg5 50. Bh2 h5 51. Bb8 1-0

[Event "Wch Juvenil 2013 sub-18"]
[Site "Al-Ain UAE"]
[Date "2013.12.26"]
[Round "9.16"]
[White "Johansson, Linus"]
[Black "Lugovskoy, Maxim"]
[Result "0-1"]
[WhiteElo "2314"]
[BlackElo "2392"]
[PlyCount "76"]
[EventDate "2013.12.19"]
[EventType "swiss"]
[EventRounds "11"]
[EventCountry "UAE"]
[Source "lmi"]
[SourceDate "2013.12.19"]

1. d4 Nf6 2. c4 e6 3. Nc3 d5 4. cxd5 exd5 5. Bg5 Be7 6. e3 c6 7. Qc2 Nbd7 8.
Bd3 Nh5 9. Bxe7 Qxe7 10. Nge2 Nb6 11. O-O g6 12. Rfe1 O-O 13. Ng3 Nxg3 14. hxg3
Be6 15. Na4 Nxa4 16. Qxa4 h5 17. b4 h4 18. gxh4 Qxh4 19. g3 Qh6 20. Bf1 Kg7 21.
Bg2 Rh8 22. Qd1 Bf5 23. Kf1 Qg5 24. Ke2 Bg4+ 25. Bf3 Bxf3+ 26. Kxf3 Rh2 27. Ke2
Re8 28. Qd3 Qg4+ 29. Kd2 Rxf2+ 30. Re2 Rxe3 31. Kxe3 Rxe2+ 32. Qxe2 Qe4+ 33.
Kf2 Qxd4+ 34. Kg2 Qxa1 35. Qe7 Qxa2+ 36. Kh3 Qa1 37. Qxb7 Qh1+ 38. Kg4 Qe4+ 0-1

[Event "Wch Juvenil 2013 sub-18"]
[Site "Al-Ain UAE"]
[Date "2013.12.26"]
[Round "9.17"]
[White "Badalyan, Shavarsh"]
[Black "Barbot, Pierre"]
[Result "0-1"]
[WhiteElo "2077"]
[BlackElo "2404"]
[PlyCount "76"]
[EventDate "2013.12.19"]
[EventType "swiss"]
[EventRounds "11"]
[EventCountry "UAE"]
[Source "lmi"]
[SourceDate "2013.12.19"]

1. d4 Nf6 2. c4 e6 3. Nf3 d5 4. g3 dxc4 5. Bg2 Bd7 6. Ne5 Bc6 7. Nxc6 Nxc6 8.
e3 Qd7 9. Qe2 e5 10. O-O O-O-O 11. Qxc4 exd4 12. exd4 Nd5 13. Rd1 Nb6 14. Qf1
h5 15. Bg5 Be7 16. Bxc6 bxc6 17. Bxe7 Qxe7 18. a4 h4 19. a5 hxg3 20. hxg3 Nd5
21. Nc3 Nxc3 22. bxc3 Rd5 23. Re1 Qf6 24. Re5 Qf3 25. Qg2 Qxc3 26. Rb1 Qxd4 27.
Re4 Qd1+ 28. Re1 Qd3 29. Rbc1 Qg6 30. Re7 Qd6 31. Rce1 Qxe7 32. Rxe7 Rd1+ 33.
Qf1 Rxf1+ 34. Kxf1 Rf8 35. a6 c5 36. Re5 Rd8 37. Rxc5 Rd6 38. Ra5 Re6 0-1

[Event "Wch Juvenil 2013 sub-18"]
[Site "Al-Ain UAE"]
[Date "2013.12.26"]
[Round "9.19"]
[White "Laurusas, Tomas"]
[Black "Igambergenov, Alibek"]
[Result "0-1"]
[WhiteElo "2431"]
[BlackElo "2323"]
[PlyCount "172"]
[EventDate "2013.12.19"]
[EventType "swiss"]
[EventRounds "11"]
[EventCountry "UAE"]
[Source "lmi"]
[SourceDate "2013.12.19"]

1. d4 d5 2. c4 c6 3. Nf3 Nf6 4. Qb3 dxc4 5. Qxc4 Bf5 6. g3 e6 7. Bg2 Be7 8. O-O
O-O 9. e3 Nbd7 10. Rd1 Rc8 11. Qe2 Qa5 12. Nc3 Ne4 13. Bd2 Nxd2 14. Nxd2 Qb4
15. e4 Bg6 16. Nc4 Nb6 17. Ne3 Rfd8 18. a3 Qb3 19. Rd3 Bf8 20. f4 h6 21. Kh1
Na4 22. Nxa4 Qxa4 23. f5 exf5 24. exf5 Bh7 25. Rad1 Re8 26. Qf1 Qb5 27. d5 Bc5
28. Ng4 h5 29. d6 Bxd6 30. Nh6+ gxh6 31. Rxd6 Bxf5 32. Qf4 Bg6 33. Bf1 Be4+ 34.
Kg1 Qc5+ 35. Qf2 Qxf2+ 36. Kxf2 Re7 37. Be2 Bg6 38. Rd8+ Rxd8 39. Rxd8+ Kg7 40.
h4 Kf6 41. Ra8 a6 42. Rd8 Ke5 43. Ke3 Kf5+ 44. Kf2 Ke6 45. Bc4+ Ke5 46. Be2 Rc7
47. Bf3 Ke6 48. Be2 Rd7 49. Re8+ Kf6 50. Ke1 Re7 51. Rd8 Bf5 52. Kf2 Bg4 53.
Bd3 Rd7 54. Rxd7 Bxd7 55. Be2 Bg4 56. Bc4 b5 57. Bd3 Ke5 58. Ke3 a5 59. Bf1 f6
60. Bd3 Kd5 61. Bg6 Kc5 62. Bf7 b4 63. Bg8 Kb5 64. Bb3 c5 65. axb4 Kxb4 66. Bc2
a4 67. Kd2 Be6 68. Bg6 Kb3 69. Kc1 Bg4 70. Bf7+ Kb4 71. Kd2 c4 72. Bg8 Kb3 73.
Kc1 Be2 74. Bf7 Bd3 75. Bxh5 a3 76. bxa3 Kxa3 77. Bf7 c3 78. Be8 Kb4 79. Bf7
Kc5 80. Be8 Kd4 81. Bf7 Ke3 82. h5 Kf3 83. Bg6 f5 84. g4 Kxg4 85. Kd1 Kf3 86.
Kc1 Ke3 0-1

[Event "Wch Juvenil 2013 sub-18"]
[Site "Al-Ain UAE"]
[Date "2013.12.26"]
[Round "9.20"]
[White "Schreiner, Till"]
[Black "Goryachkina, Aleksandra"]
[Result "0-1"]
[WhiteElo "2304"]
[BlackElo "2428"]
[PlyCount "118"]
[EventDate "2013.12.19"]
[EventType "swiss"]
[EventRounds "11"]
[EventCountry "UAE"]
[Source "lmi"]
[SourceDate "2013.12.19"]

1. d4 d5 2. c4 c6 3. Nc3 Nf6 4. Nf3 dxc4 5. a4 Bf5 6. Ne5 Nbd7 7. Nxc4 Nb6 8.
Ne5 a5 9. g3 e6 10. Bg2 Bb4 11. O-O O-O 12. e3 h6 13. Qe2 Bh7 14. Rd1 Nfd7 15.
Nd3 Qe7 16. e4 e5 17. dxe5 Nc5 18. Nxc5 Bxc5 19. Be3 Bxe3 20. Qxe3 Nc4 21. Qe2
Nxe5 22. Kh1 Rfd8 23. f4 Nd7 24. Rd4 Nc5 25. Rad1 Ne6 26. R4d2 Kh8 27. Qe3 Rxd2
28. Rxd2 Rd8 29. e5 Rxd2 30. Qxd2 Qb4 31. h3 g5 32. fxg5 hxg5 33. Qf2 Kg8 34.
Bf3 Qc5 35. Qe2 Bf5 36. Kg2 Qd4 37. Qe1 Kf8 38. Bd1 Nc5 39. Kh2 Nd7 40. Bb3
Nxe5 41. Bd1 Nc4 42. Qe2 Bd3 43. Qg2 Ne3 44. Qf3 Bc4 45. Be2 Qd2 46. Kg1 Be6
47. Ne4 Qc1+ 48. Kh2 Nd5 49. Qf2 Kg8 50. Bh5 f5 51. Nc5 Bc8 52. Bf3 Qc4 53. Qd2
Qxc5 54. Qxg5+ Kf7 55. Bh5+ Ke6 56. Qd8 Ne7 57. h4 Qf2+ 58. Kh3 f4 59. Bg4+ Kf7
0-1

[Event "Wch Juvenil 2013 sub-18"]
[Site "Al-Ain UAE"]
[Date "2013.12.26"]
[Round "9.21"]
[White "Tvarijonas, Tomas"]
[Black "Srbis, Jurica"]
[Result "1/2-1/2"]
[WhiteElo "2176"]
[BlackElo "2399"]
[PlyCount "125"]
[EventDate "2013.12.19"]
[EventType "swiss"]
[EventRounds "11"]
[EventCountry "UAE"]
[Source "lmi"]
[SourceDate "2013.12.19"]

1. e4 e5 2. Nf3 Nc6 3. Bb5 a6 4. Ba4 Nf6 5. O-O Be7 6. Re1 b5 7. Bb3 O-O 8. c3
d5 9. d4 exd4 10. e5 Ne4 11. Nxd4 Nxd4 12. cxd4 Bb4 13. Re2 c6 14. a3 Ba5 15.
Bc2 f5 16. Nd2 Bb6 17. Nf3 h6 18. h4 Be6 19. Qd3 Ra7 20. a4 Raf7 21. axb5 axb5
22. Bd2 g5 23. Nh2 Rg7 24. Nf1 f4 25. Bb4 gxh4 26. Bxf8 Qxf8 27. Kh2 Bf5 28.
Qa3 Qxa3 29. Rxa3 Bxd4 30. Nd2 Bxe5 31. f3 Nxd2 32. Bxf5 Nf1+ 33. Kg1 Ne3 34.
Ra8+ Kf7 35. Bd7 Kf6 36. Bxc6 Rc7 37. Ra6 Kg5 38. b3 h3 39. gxh3 Kh4 40. Bxd5
Rg7+ 41. Kh1 h5 42. Re6 Bb8 43. Rb6 Be5 44. Rxb5 Kg3 45. b4 Rd7 46. Rd2 Nf1 47.
Rg2+ Kh4 48. Kg1 Ng3 49. Rd2 Nf5 50. Kf1 Ng3+ 51. Kf2 Nf5 52. Rd3 Bd4+ 53. Ke1
Be3 54. Kd1 Nd4 55. Ra5 Rg7 56. Rxd4 Bxd4 57. Ke2 Kxh3 58. Kd3 Be3 59. b5 Ra7
60. Ra6 Rxa6 61. bxa6 Kg3 62. Ke4 h4 63. Be6 1/2-1/2